000 00352nam a2200157Ia 4500
003 RNL
008 090707b ii f a fnsan d
040 _aRCL
100 _aThapar, Prithvi Raj
_94891
245 _aSanchar, Tacneek te Multimedia
260 _aDelhi
260 _bManpreet Prakashan
260 _c2012
300 _a238p.
942 _cBK
999 _c23696
_d23696